[Event "World Rapid Women 2021"]
[Site "Warsaw POL"]
[Date "2021.12.26"]
[Round "4.42"]
[White "Alymbai kyzy, Aizhan"]
[Black "Heredia Serrano, Carla"]
[Result "1-0"]
[BlackTitle "WGM"]
[WhiteElo "1889"]
[BlackElo "2121"]
[WhiteFideId "13800043"]
[BlackFideId "3603687"]
[EventDate "2021.12.26"]

1. e4 c6 2. d4 d5 3. Nc3 dxe4 4. Nxe4 Bf5 5. Ng3 Bg6 6. h4 h6 7. Nh3 e6 8. Nf4
Bh7 9. Bc4 Nf6 10. O-O Bd6 11. Qe2 O-O 12. c3 Re8 13. Nfh5 Nxh5 14. Qxh5 Nd7 15.
Qg4 Nf6 16. Qf3 Nd5 17. Qg4 Nf6 18. Qf3 Nd5 19. Qg4 Qf6 20. Ne4 Bxe4 21. Qxe4
Nf4 22. g3 Ng6 23. Kg2 e5 24. Be3 exd4 25. Qxd4 Be5 26. Qg4 Rad8 27. Rad1 Nf8
28. Bxa7 c5 29. Qf3 Qxf3+ 30. Kxf3 Bd6 31. Bb6 Ne6 32. Bxe6 fxe6 33. Bxd8 Rxd8
34. Rfe1 Kf7 35. Re4 Ke7 36. Ra4 Rf8+ 37. Kg2 Kd7 38. Re4 h5 39. Re5 c4 40. Rxh5
Kc7 41. Rg5 Rf7 42. Rg4 b5 43. b3 Bc5 44. Rd2 cxb3 45. axb3 Kc6 46. Re4 Rf6 47.
Rde2 Kd5 48. Re5+ Kd6 49. b4 Bxf2 50. Rxe6+ Rxe6 51. Rxe6+ Kxe6 52. Kxf2 Kf5 53.
Ke3 Kg4 54. Kd4 Kxg3 55. c4 bxc4 56. b5 Kxh4 57. b6 g5 58. b7 g4 59. b8=Q Kh3
60. Qb1 Kh2 61. Qc2+ Kh3 62. Qd1 c3 63. Kxc3 Kg3 64. Qg1+ Kf3 65. Kd3 g3 66.
Qf1+ Kg4 67. Qg2 Kh4 68. Ke3 Kg4 69. Ke4 Kh4 70. Kf4 1-0

[Event "World Rapid Women 2021"]
[Site "Warsaw POL"]
[Date "2021.12.26"]
[Round "4.43"]
[White "Dylag, Emilia"]
[Black "Gaboyan, Susanna"]
[Result "1/2-1/2"]
[WhiteTitle "WFM"]
[BlackTitle "WIM"]
[WhiteElo "1956"]
[BlackElo "2254"]
[WhiteFideId "21805172"]
[BlackFideId "13303627"]
[EventDate "2021.12.26"]

1. d4 Nf6 2. c4 g6 3. Nf3 Bg7 4. g3 O-O 5. Bg2 d5 6. cxd5 Nxd5 7. Nc3 c5 8. O-O
Nc6 9. e3 cxd4 10. Nxd5 Qxd5 11. Nxd4 Qc5 12. Nxc6 bxc6 13. Qa4 Rb8 14. Qxc6
Qxc6 15. Bxc6 Rd8 16. Ba4 Bg4 17. f3 Bh3 18. Rd1 h5 19. Rb1 Be6 20. Rxd8+ Rxd8
21. Ra1 Rb8 22. Kf2 Bc4 23. Bb3 Rc8 24. f4 Bxb3 25. axb3 Rc2+ 26. Kf3 e5 27. e4
exf4 28. Bxf4 Rxb2 29. Rxa7 Bd4 30. Ra8+ Kg7 31. e5 Rxb3+ 32. Ke4 Rb4 33. Kd5
Bb2 34. h4 Rb5+ 35. Ke4 Rb4+ 36. Kd5 Rd4+ 37. Kc5 Rd7 38. Kc6 Rd3 39. Re8 Bc1
40. Bxc1 Rc3+ 41. Kd5 Rxc1 42. Ke4 Rc4+ 43. Kf3 Rc6 44. Re7 Kf8 45. Rb7 Rc4 46.
Ra7 Rc6 47. Rb7 Re6 48. Kf4 Rc6 49. Ra7 Kg7 50. Rb7 Rc4+ 51. Kf3 Rc3+ 52. Kf4
Rc4+ 53. Kf3 Rc3+ 1/2-1/2

[Event "World Rapid Women 2021"]
[Site "Warsaw POL"]
[Date "2021.12.26"]
[Round "4.45"]
[White "Rudzinska, Michalina"]
[Black "Sandu, Mihaela"]
[Result "1/2-1/2"]
[WhiteTitle "WFM"]
[BlackTitle "WGM"]
[WhiteElo "2215"]
[BlackElo "2269"]
[WhiteFideId "1172883"]
[BlackFideId "1204327"]
[EventDate "2021.12.26"]

1. e4 c5 2. Nf3 d6 3. d4 cxd4 4. Nxd4 Nf6 5. Nc3 a6 6. Bg5 e6 7. f4 Qc7 8. Bxf6
gxf6 9. Qf3 b5 10. a3 Bb7 11. O-O-O Nd7 12. Kb1 f5 13. Qe3 fxe4 14. Nxe4 O-O-O
15. Bxb5 axb5 16. Nxb5 Qb6 17. Nexd6+ Bxd6 18. Nxd6+ Kb8 19. Rd4 Nf6 20. Qe5 Nd7
21. Qe3 Nf6 22. Qe5 Ng4 23. Qg7 e5 24. Rd2 Rhg8 25. Qxf7 e4 26. Rhd1 Ne3 27. Re1
Nd5 28. Nxe4 Rge8 29. Ka2 Rxe4 30. Rxe4 Nc3+ 31. bxc3 Rxd2 32. Qe8+ Rd8 33. Qe5+
Qc7 34. Qxc7+ Kxc7 35. Re7+ Kb6 36. Rxh7 Bxg2 37. Kb3 Rd2 38. Re7 Rf2 39. Re6+
Kc5 40. Rf6 Bd5+ 41. Ka4 Rxc2 42. h4 Rxc3 43. Rf5 Rf3 44. h5 Rh3 45. Re5 Rh4 46.
Rf5 Rh1 47. Rg5 Rh3 48. Re5 Kc4 49. Ka5 Rxa3+ 50. Kb6 Rh3 51. Kc7 Kd4 52. Kd6
Bf7 53. Ke7 Bxh5 54. Kf6 Bf3 55. Ra5 Bd5 56. f5 Rf3 57. Ra4+ Kc5 58. Kg6 Kd6 59.
Kf6 Rf1 60. Rd4 Rh1 61. Ra4 Rh8 62. Ra6+ Kc5 63. Ra5+ Kd6 64. Ra6+ Bc6 65. Kg7
Rh1 66. f6 Rg1+ 67. Kf8 Kd7 68. f7 Bd5 69. Ra5 Be6 70. Ra7+ Kd6 71. Ke8 Bxf7+
72. Rxf7 Ke5 1/2-1/2

[Event "World Rapid Women 2021"]
[Site "Warsaw POL"]
[Date "2021.12.26"]
[Round "4.46"]
[White "Sliwicka, Alicja"]
[Black "Semenova, Elena1"]
[Result "1-0"]
[WhiteTitle "WIM"]
[BlackTitle "WIM"]
[WhiteElo "2289"]
[BlackElo "2278"]
[WhiteFideId "1150677"]
[BlackFideId "24125148"]
[EventDate "2021.12.26"]

1. e4 e5 2. Nf3 Nc6 3. Nc3 Nf6 4. a3 d5 5. Bb5 d4 6. Ne2 Bd6 7. d3 a6 8. Bxc6+
bxc6 9. c3 c5 10. O-O a5 11. a4 O-O 12. Ng3 Re8 13. Qe2 Bf8 14. h3 Ba6 15. Rd1
g6 16. Nh2 Qd6 17. Ng4 Bg7 18. c4 h5 19. Nh6+ Kf8 20. Rf1 Qe6 21. f4 exf4 22.
Bxf4 Nd7 23. Rae1 Bxh6 24. Bxh6+ Kg8 25. Qd2 Kh7 26. Ne2 Qe7 27. Rf2 Ne5 28.
Ref1 Kg8 29. Bg5 Qd7 30. Bf6 Qd6 31. Qh6 Qf8 32. Qh8# 1-0

[Event "World Rapid Women 2021"]
[Site "Warsaw POL"]
[Date "2021.12.26"]
[Round "4.47"]
[White "Jakubowska, Anna"]
[Black "Szczotka, Klara"]
[Result "1-0"]
[WhiteTitle "WIM"]
[WhiteElo "2106"]
[BlackElo "1755"]
[WhiteFideId "1121952"]
[BlackFideId "21858845"]
[EventDate "2021.12.26"]

1. e4 c6 2. d4 d5 3. e5 c5 4. dxc5 e6 5. a3 Bxc5 6. b4 Be7 7. Nf3 Nc6 8. b5 Na5
9. Nbd2 Bd7 10. Bd3 Rc8 11. O-O Nc4 12. a4 Nxd2 13. Qxd2 Bc5 14. Qf4 f6 15. Qg3
Qe7 16. Bxh7 Kd8 17. Bxg8 Rxg8 18. exf6 Qf8 19. f7 Qxf7 20. Ne5 Qf5 21. Bg5+ Be7
22. Ra3 Be8 23. Bxe7+ Kxe7 24. Rf3 Qe4 25. c4 d4 26. Qg5+ Kd6 27. Nd3 Bd7 28.
Re1 Qh7 29. Rf7 Kc7 30. Nc5 Rcd8 31. Nxe6+ Kc8 32. Qc5+ Kb8 33. Qc7+ 1-0

[Event "World Rapid Women 2021"]
[Site "Warsaw POL"]
[Date "2021.12.26"]
[Round "4.48"]
[White "Efimenko, Maria"]
[Black "Malicka, Maria"]
[Result "0-1"]
[WhiteTitle "WIM"]
[BlackTitle "FM"]
[WhiteElo "2245"]
[BlackElo "2307"]
[WhiteFideId "14124327"]
[BlackFideId "1197576"]
[EventDate "2021.12.26"]

1. e4 c6 2. d4 d5 3. exd5 cxd5 4. Bd3 Nc6 5. c3 Nf6 6. Nf3 g6 7. h3 Bf5 8. O-O
Bxd3 9. Qxd3 Bg7 10. Bf4 O-O 11. Nbd2 a6 12. a4 e6 13. b4 Nd7 14. Rfe1 Re8 15.
b5 Na5 16. Reb1 Nb6 17. Ne5 f6 18. Ng4 Nac4 19. Nb3 Qe7 20. Nc5 e5 21. Bh6 e4
22. Qg3 f5 23. Bxg7 Kxg7 24. Ne3 Nxe3 25. fxe3 a5 26. Rf1 Kh8 27. h4 Nc4 28. h5
b6 29. Nb3 Rg8 30. hxg6 Rxg6 31. Qh3 Rag8 32. Ra2 Qg5 33. Re2 Nd6 34. Qh2 Nc4
35. Qh3 Rh6 36. Qxf5 Qh4 37. Nd2 Qh2+ 38. Kf2 Rxg2+ 39. Ke1 Rxe2+ 0-1

[Event "World Rapid Women 2021"]
[Site "Warsaw POL"]
[Date "2021.12.26"]
[Round "4.49"]
[White "Dworakowska, Joanna"]
[Black "Jarocka, Liwia"]
[Result "1/2-1/2"]
[WhiteTitle "IM"]
[BlackTitle "FM"]
[WhiteElo "2321"]
[BlackElo "2006"]
[WhiteFideId "1107445"]
[BlackFideId "21807558"]
[EventDate "2021.12.26"]

1. e4 c5 2. Nf3 Nc6 3. g3 g6 4. Bg2 Bg7 5. O-O d6 6. c3 Nf6 7. Re1 O-O 8. d4 Bg4
9. h3 Bxf3 10. Bxf3 cxd4 11. cxd4 Nd7 12. d5 Nce5 13. Bg2 Nc4 14. Nc3 Rc8 15.
Rb1 Qa5 16. b4 Qa6 17. Qb3 Na5 18. bxa5 Bxc3 19. Rd1 Qe2 20. Bh6 Rfd8 21. Qxb7
Bxa5 22. Qb2 Qxb2 23. Rxb2 Bb6 24. Bf1 Nc5 25. Re1 Na4 26. Rbe2 Rc3 27. Be3 Rdc8
28. Bxb6 Nxb6 29. Kg2 Kf8 30. Rb2 Ra3 31. Bb5 Rc5 32. Bc6 Rca5 33. Ree2 Rc3 34.
Rec2 Rxc2 35. Rxc2 Rc5 36. Rxc5 dxc5 37. f4 e6 38. d6 f6 39. Kf3 Nc4 40. d7 Ke7
41. Ke2 e5 42. Kd3 Nb6 43. fxe5 fxe5 44. Kc3 Nxd7 45. Kc4 Nf6 46. Kxc5 Nh5 47.
Kd5 Nxg3 48. Kxe5 Ne2 49. a4 h6 50. a5 g5 51. Bb5 Nf4 52. Bf1 Ne6 53. Kf5 Nc5
54. a6 Ne6 55. Kg6 Nc5 56. Kf5 Ne6 57. Bc4 Nf4 58. h4 Ng2 59. hxg5 hxg5 60. Kxg5
Ne3 61. Bb3 Nf1 62. Kf5 Nd2 63. Ba2 Nf3 64. e5 Nd4+ 65. Ke4 Nb5 66. Bc4 Nc7 67.
Kd4 Kd8 68. Kc5 Kd7 69. Bd3 Ke6 70. Kd4 Kd7 71. Ke4 Ke6 72. Be2 Ke7 73. Kf5 Ne6
74. Bf3 Nc7 75. Bb7 Ne6 76. Bd5 Nd4+ 77. Ke4 Nb5 78. Bc4 Nc7 79. Kd4 Kd8 80. e6
Ke7 81. Ke5 Na8 82. Kd5 Nc7+ 83. Kc6 Nxa6 1/2-1/2

[Event "World Rapid Women 2021"]
[Site "Warsaw POL"]
[Date "2021.12.26"]
[Round "4.50"]
[White "Parol, Pola"]
[Black "Kolaric, Spela"]
[Result "0-1"]
[WhiteTitle "WFM"]
[BlackTitle "WFM"]
[WhiteElo "2067"]
[BlackElo "2185"]
[WhiteFideId "1163116"]
[BlackFideId "14607093"]
[EventDate "2021.12.26"]

1. e4 e5 2. Nf3 Nc6 3. Bb5 a6 4. Ba4 Nf6 5. O-O b5 6. Bb3 Bc5 7. c3 O-O 8. d4
Bb6 9. dxe5 Nxe4 10. Qd5 Nc5 11. Bc2 Bb7 12. Qd1 h6 13. b4 Ne6 14. Qd3 Re8 15.
Qh7+ Kf8 16. Bxh6 gxh6 17. Qxh6+ Ke7 18. Nh4 Rg8 19. Bh7 Qf8 20. Qf6+ Ke8 21.
Bxg8 Qxg8 22. Nd2 Ne7 23. Ndf3 Qg7 24. Qxg7 Nxg7 25. Nd4 Nd5 26. Rac1 Kd8 27. a3
Rc8 28. Nb3 Nf4 29. Rc2 Nge6 30. Re1 Nd3 31. Rd1 Nxe5 32. Nf5 Nc4 33. Ra2 d6 34.
a4 Kd7 35. axb5 axb5 36. Nbd4 Rg8 37. g3 Nxd4 38. Nxd4 c6 39. Re2 Ne5 40. f4 Ng6
41. Kf1 Ne7 42. Nf3 Nd5 43. Rd3 Ra8 44. Ng5 f6 45. Ne4 Ra1+ 46. Re1 Ra2 47. Re2
Ra8 48. h4 Kc7 49. h5 Rh8 50. Rh2 Bc8 51. Nf2 f5 52. h6 Nf6 53. Rh4 Be6 54. Rd1
Rh7 55. Ke2 Ng8 56. Rdh1 Bc4+ 57. Nd3 Nf6 58. Kd2 Kd7 59. Kc2 Bd5 60. R1h2 Ng4
61. Re2 Bf3 62. Re1 Rxh6 63. Rxh6 Nxh6 64. Ra1 Be4 65. Kd2 Ng4 66. Ra6 Bc7 67.
Ra7 Nf6 68. Ra8 Bd5 69. Kc2 Ne4 70. Rh8 Nxg3 71. Rh7+ Kc8 72. Rg7 Ne4 73. Re7
Bb6 74. Re8+ Kd7 75. Rf8 Be3 76. Rxf5 Ke6 77. Rf8 Nf6 78. Rh8 Be4 79. Rh4 Kf5
80. Rh3 Bxf4 81. Rh8 c5 82. bxc5 dxc5 83. Rd8 c4 0-1

[Event "World Rapid Women 2021"]
[Site "Warsaw POL"]
[Date "2021.12.27"]
[Round "5.1"]
[White "Gunina, Valentina"]
[Black "Kosteniuk, Alexandra"]
[Result "0-1"]
[WhiteTitle "GM"]
[BlackTitle "GM"]
[WhiteElo "2471"]
[BlackElo "2516"]
[WhiteFideId "4167570"]
[BlackFideId "4128125"]
[EventDate "2021.12.26"]

1. d4 Nf6 2. c4 e6 3. Nf3 d5 4. Nc3 Bb4 5. Bg5 h6 6. Bxf6 Qxf6 7. Qa4+ Nc6 8. a3
Bxc3+ 9. bxc3 O-O 10. e3 Bd7 11. Qc2 Rfe8 12. Be2 dxc4 13. Bxc4 e5 14. O-O e4
15. Nd2 Bf5 16. Rab1 Rab8 17. f3 Qg5 18. fxe4 Qxe3+ 19. Kh1 Bg6 20. Rf3 Qg5 21.
Rg3 Qf6 22. Rf1 Qd6 23. Qa2 Nd8 24. e5 Qc6 25. e6 Re7 26. Nf3 Qe8 27. Ne5 Rxe6
28. Rxg6 fxg6 29. Nf7 Kh7 30. Nxd8 Re1 31. Nf7 Rxf1+ 32. Bxf1 Qe1 33. Qe2 Qxe2
34. Bxe2 Rf8 35. Bc4 g5 36. Kg1 Kg6 37. Ne5+ Kh7 38. Bd3+ Kg8 39. Ng6 Rf6 40.
Ne7+ Kf8 41. Nd5 Rf7 42. Bc4 c6 43. Ne3 Rf4 44. Bd3 Rf6 45. Ng4 Rf4 46. Ne5 Ke8
47. g3 Rf6 48. Kg2 Kd8 49. Ng4 Rf8 50. Ne3 Kc7 51. Nf5 Rf7 52. g4 b5 53. c4 g6
54. Ne3 Rf4 55. d5 Rd4 56. Be2 bxc4 57. Bxc4 cxd5 58. Bxd5 Rd3 59. Kf3 Rxa3 60.
Bf7 a5 61. Bxg6 a4 62. Ke2 Ra1 63. Be4 Rg1 64. Bd5 a3 65. Kd2 Kd6 66. Bg8 Ke5
67. h3 Kf4 68. Nc2 Rg3 69. Be6 Rxh3 70. Nb4 Rf3 71. Nd5+ Ke5 0-1

[Event "World Rapid Women 2021"]
[Site "Warsaw POL"]
[Date "2021.12.27"]
[Round "5.2"]
[White "Vaishali, R"]
[Black "Dzagnidze, Nana"]
[Result "0-1"]
[WhiteTitle "IM"]
[BlackTitle "GM"]
[WhiteElo "2401"]
[BlackElo "2531"]
[WhiteFideId "5091756"]
[BlackFideId "13601903"]
[EventDate "2021.12.26"]

1. e4 c5 2. Nf3 Nc6 3. Bb5 Qc7 4. O-O e6 5. Bxc6 Qxc6 6. Re1 a6 7. Nc3 Qc7 8. d4
cxd4 9. Qxd4 Ne7 10. Bg5 f6 11. Bh4 e5 12. Qd3 b5 13. Rad1 Bb7 14. a4 b4 15. Nd5
Nxd5 16. exd5 Bd6 17. Nd4 O-O 18. Nf5 g6 19. Nxd6 Qxd6 20. f3 a5 21. Bf2 Ba6 22.
c4 bxc3 23. Qxc3 Rfc8 24. Qd2 Rab8 25. Qxa5 Rxb2 26. Rd2 Rb3 27. h4 h5 28. Red1
Kf7 29. Re1 Rb4 30. Red1 Rcc4 31. Qd8 Rb8 32. Qa5 Rbb4 33. Qd8 Rc8 34. Qa5 Bb7
35. Ra2 Ra8 36. Qc5 Qxc5 37. Bxc5 Rbxa4 38. Rb2 Ra1 39. Rxa1 Rxa1+ 40. Kf2 Bxd5
41. Rb8 Ra2+ 42. Kg3 Bc4 43. Rf8+ Ke6 44. Re8+ Kf5 45. Rd8 d5 46. Bf2 d4 47. Rd6
Bf1 48. Rc6 d3 49. Rd6 d2 50. Bb6 d1=Q 51. Rxd1 Rxg2+ 52. Kh3 Rb2+ 53. Rxf1 Rxb6
54. Kg3 Rb3 55. Re1 g5 56. hxg5 Kxg5 57. Re4 h4+ 58. Kg2 Rb2+ 59. Kh3 Rf2 60.
f4+ Rxf4 0-1

[Event "World Rapid Women 2021"]
[Site "Warsaw POL"]
[Date "2021.12.27"]
[Round "5.3"]
[White "Buksa, Nataliya"]
[Black "Bodnaruk, Anastasia"]
[Result "1-0"]
[WhiteTitle "IM"]
[BlackTitle "IM"]
[WhiteElo "2401"]
[BlackElo "2396"]
[WhiteFideId "14123622"]
[BlackFideId "4181751"]
[EventDate "2021.12.26"]

1. e4 c5 2. Nf3 d6 3. Bb5+ Nd7 4. a4 Nf6 5. Nc3 a6 6. Be2 b6 7. d4 cxd4 8. Qxd4
Bb7 9. O-O e5 10. Qe3 Be7 11. Rd1 O-O 12. Bc4 Qc7 13. Ba2 Nc5 14. Nd5 Nxd5 15.
Bxd5 Bxd5 16. Rxd5 Qc6 17. Qc3 Qb7 18. Qc4 b5 19. Qb4 f5 20. axb5 fxe4 21. Rxc5
dxc5 22. Qc4+ Kh8 23. bxa6 exf3 24. axb7 Rxa1 25. gxf3 Rxc1+ 26. Kg2 Rd1 27. Qe6
Bd6 28. Qc8 Rg8 29. Qd7 Rd2 30. Qc6 g5 31. Kf1 Rd8 32. Qc8 Bb8 33. Qxc5 Rd1+ 34.
Kg2 R1d2 35. b4 R2d7 36. Qc6 Kg7 37. c4 Rc7 38. Qb5 Rf7 39. c5 Rdf8 40. Qc6 g4
41. Qe6 gxf3+ 42. Kf1 Rd8 43. Ke1 Rxb7 44. Qg4+ Kh8 45. Qxf3 Rbd7 46. b5 Rd4 47.
b6 e4 48. Qf6+ Kg8 49. Kf1 Rd1+ 50. Kg2 e3 51. Qg5+ Kh8 52. Qf6+ Kg8 53. c6 e2
54. Qe6+ Kh8 55. Qf6+ Kg8 56. Qe6+ Kh8 57. c7 Rg8+ 58. Qxg8+ Kxg8 59. cxb8=Q+
Kf7 60. Qf4+ 1-0

[Event "World Rapid Women 2021"]
[Site "Warsaw POL"]
[Date "2021.12.27"]
[Round "5.4"]
[White "Zatonskih, Anna"]
[Black "Lagno, Kateryna"]
[Result "0-1"]
[WhiteTitle "IM"]
[BlackTitle "GM"]
[WhiteElo "2403"]
[BlackElo "2550"]
[WhiteFideId "14101572"]
[BlackFideId "14109336"]
[EventDate "2021.12.26"]

1. d4 Nf6 2. c4 g6 3. Nc3 Bg7 4. e4 d6 5. Nf3 O-O 6. Be2 e5 7. O-O Nc6 8. d5 Ne7
9. b4 Nh5 10. Re1 a5 11. bxa5 Rxa5 12. a4 f5 13. Nd2 b6 14. Ba3 Nf4 15. Bb4
Nxe2+ 16. Qxe2 Ra8 17. a5 c5 18. dxc6 Nxc6 19. Ba3 Nd4 20. Qd3 Rxa5 21. Nb5 fxe4
22. Nxe4 d5 23. Ned6 e4 24. Qd1 Qf6 25. Nxe4 dxe4 26. Bxf8 Rxa1 27. Qxa1 Nf3+
28. gxf3 Qg5+ 0-1

[Event "World Rapid Women 2021"]
[Site "Warsaw POL"]
[Date "2021.12.27"]
[Round "5.5"]
[White "Atalik, Ekaterina"]
[Black "Badelka, Olga"]
[Result "0-1"]
[WhiteTitle "IM"]
[BlackTitle "IM"]
[WhiteElo "2420"]
[BlackElo "2453"]
[WhiteFideId "4130189"]
[BlackFideId "13509926"]
[EventDate "2021.12.26"]

1. d4 Nf6 2. Nf3 e6 3. g3 d5 4. Bg2 b5 5. O-O Nbd7 6. c3 c5 7. Bf4 Be7 8. Nbd2
O-O 9. Ne5 Nxe5 10. Bxe5 Nd7 11. Bf4 cxd4 12. cxd4 Ba6 13. Nf3 Rc8 14. h4 b4 15.
Qd2 Qb6 16. Rfc1 Qb5 17. e3 Qe2 18. Qxe2 Bxe2 19. Ne5 Nxe5 20. Bxe5 f6 21. Bc7
Kf7 22. Bf1 Bxf1 23. Kxf1 Ke8 24. Rc2 Kd7 25. Rac1 h5 26. Ke2 Rfe8 27. Kd3 Rg8
28. Bf4 Rxc2 29. Rxc2 Bd8 30. f3 g5 31. hxg5 fxg5 32. Be5 h4 33. g4 Bb6 34. Rg2
Bc7 35. Bxc7 Kxc7 36. Rh2 Rf8 37. Rf2 Rg8 38. f4 gxf4 39. Rxf4 h3 40. Rf7+ Kc6
41. Rh7 Rxg4 42. Rxh3 Rg2 43. Rh7 a5 44. Re7 Rxb2 45. Rxe6+ Kd7 46. Re5 Kd6 47.
e4 dxe4+ 48. Kxe4 Re2+ 49. Kd3 Rxa2 50. Rh5 b3 51. Rh6+ Kd7 52. Rb6 a4 53. Kc3
Kc7 54. Rb4 Kc6 55. Rb8 Rc2+ 56. Kd3 Rh2 57. Kc3 Kd5 58. Rb5+ Ke4 59. Re5+ Kf4
60. Rb5 Rh1 61. d5 Ke5 62. Kb2 Kd6 63. Kc3 Rh2 64. Rb4 Rc2+ 65. Kd3 Ra2 66. Rb5
Ra1 67. Kc3 Rc1+ 68. Kd3 Rc5 69. Rb4 Ra5 70. Kc3 a3 71. Rb6+ Kc7 72. Rc6+ Kd7
73. Rh6 a2 74. Rh7+ Ke8 75. Rh8+ Kf7 76. Kd4 0-1

[Event "World Rapid Women 2021"]
[Site "Warsaw POL"]
[Date "2021.12.27"]
[Round "5.6"]
[White "Shuvalova, Polina"]
[Black "Garifullina, Leya"]
[Result "1/2-1/2"]
[WhiteTitle "IM"]
[BlackTitle "WGM"]
[WhiteElo "2516"]
[BlackElo "2414"]
[WhiteFideId "24171760"]
[BlackFideId "34127035"]
[EventDate "2021.12.26"]

1. e4 e5 2. Nf3 Nc6 3. Bb5 a6 4. Ba4 Nf6 5. O-O Nxe4 6. d4 b5 7. Bb3 d5 8. dxe5
Be6 9. Be3 Be7 10. c3 O-O 11. Nbd2 Bg4 12. Nxe4 dxe4 13. Qd5 Qxd5 14. Bxd5 exf3
15. Bxc6 fxg2 16. Kxg2 Rad8 17. b4 f6 18. a4 fxe5 19. axb5 axb5 20. Ra7 Bd6 21.
h3 Be2 22. Rfa1 Bd3 23. Rb7 Rf6 24. Bd5+ Kf8 25. f3 Be7 26. Rxc7 Rxd5 27. Ra8+
Rd8 28. Rxd8+ Bxd8 29. Rd7 Rg6+ 30. Kh2 Bf1 31. Rxd8+ Ke7 32. Rd2 Ke6 33. Rf2
Bc4 34. f4 exf4 35. Rxf4 Bd5 1/2-1/2

[Event "World Rapid Women 2021"]
[Site "Warsaw POL"]
[Date "2021.12.27"]
[Round "5.7"]
[White "Bivol, Alina"]
[Black "Mammadova, Gulnar"]
[Result "1/2-1/2"]
[WhiteTitle "IM"]
[BlackTitle "IM"]
[WhiteElo "2368"]
[BlackElo "2387"]
[WhiteFideId "4100123"]
[BlackFideId "13403508"]
[EventDate "2021.12.26"]

1. e4 e6 2. d4 d5 3. Nc3 Bb4 4. e5 c5 5. a3 Ba5 6. b4 cxd4 7. Nb5 Bc7 8. f4 Ne7
9. Bd3 Bd7 10. Nxc7+ Qxc7 11. Nf3 a6 12. O-O Ba4 13. Qe2 Nbc6 14. Bb2 Qb6 15.
Kh1 Bb5 16. Bxb5 Qxb5 17. Qxb5 axb5 18. Bxd4 Kd7 19. Bb2 Nf5 20. Rfe1 h5 21.
Rad1 Rhc8 22. g3 Ke7 23. Re2 Nb8 24. Rd3 Nd7 25. Kg2 Nb6 26. h3 Rc4 27. g4 hxg4
28. hxg4 Nh6 29. Kg3 Rac8 30. Nd4 Na4 31. Ba1 Nc3 32. Bxc3 Rxc3 33. Ree3 R3c4
34. c3 Rg8 35. g5 Rxd4 36. cxd4 Nf5+ 37. Kf3 Nxe3 38. Kxe3 Rc8 39. Rb3 Rc1 40.
Kd2 Rf1 41. Rc3 Kd7 42. Ke3 Re1+ 43. Kf3 Rh1 44. Ke3 Ra1 45. Ke2 Ra2+ 46. Kf3
Rd2 47. Ke3 Rh2 48. Rd3 Ke7 49. Kf3 Kf8 50. Kg3 Rc2 51. Kg4 Kg8 52. Rh3 Rc4 53.
Rd3 Kh7 54. f5 Rc1 55. g6+ Kg8 56. fxe6 fxe6 57. Rf3 Rg1+ 58. Kh5 Rh1+ 59. Kg5
Rg1+ 60. Kh5 Rh1+ 61. Kg5 Rg1+ 62. Kh5 Rh1+ 63. Kg5 1/2-1/2

[Event "World Rapid Women 2021"]
[Site "Warsaw POL"]
[Date "2021.12.27"]
[Round "5.8"]
[White "Batsiashvili, Nino"]
[Black "Ovod, Evgenija"]
[Result "1-0"]
[WhiteTitle "GM"]
[BlackTitle "IM"]
[WhiteElo "2491"]
[BlackElo "2366"]
[WhiteFideId "13602993"]
[BlackFideId "4131827"]
[EventDate "2021.12.26"]

1. d4 d5 2. c4 e6 3. Nc3 Nf6 4. Nf3 c5 5. cxd5 Nxd5 6. e4 Nxc3 7. bxc3 cxd4 8.
cxd4 Bb4+ 9. Bd2 Bxd2+ 10. Qxd2 O-O 11. Bc4 Nd7 12. O-O b6 13. Rfe1 Bb7 14. Rad1
Rc8 15. Bb3 Re8 16. Re3 Nf6 17. Qe1 Ng4 18. Re2 Ba6 19. Red2 Bb7 20. h3 Nf6 21.
Re2 Qc7 22. Re3 Red8 23. d5 e5 24. Qd2 Qd6 25. Ree1 Nd7 26. Nh4 g6 27. Qh6 Qf8
28. Qg5 f6 29. Qg4 Nc5 30. Re3 Nxb3 31. axb3 Rc7 32. f4 Bc8 33. Qg3 Qc5 34. fxe5
fxe5 35. Kh2 Qd6 36. Rf1 Rf7 37. Rxf7 Kxf7 38. Qg5 Kg7 39. Nf3 Re8 40. Rc3 Bd7
41. Qc1 a5 42. Rc7 Re7 43. Qc3 Kf6 44. Nd2 Be8 45. Rc8 Qd7 46. Rc6+ Kg7 47. Rxb6
a4 48. bxa4 Qxa4 49. Nc4 Kg8 50. d6 Rf7 51. Nxe5 Qxe4 52. Nxf7 Qf4+ 53. Qg3 Qxf7
54. Qe5 Qd7 55. Rb8 Kf7 56. Rb4 h5 57. h4 Kg8 58. Rf4 Bf7 59. Qe7 1-0

[Event "World Rapid Women 2021"]
[Site "Warsaw POL"]
[Date "2021.12.27"]
[Round "5.9"]
[White "Paehtz, Elisabeth"]
[Black "Efroimski, Marsel"]
[Result "1/2-1/2"]
[WhiteTitle "IM"]
[BlackTitle "IM"]
[WhiteElo "2507"]
[BlackElo "2429"]
[WhiteFideId "4641833"]
[BlackFideId "2810964"]
[EventDate "2021.12.26"]

1. e4 c5 2. Nc3 d6 3. f4 g6 4. Nf3 Bg7 5. Bb5+ Bd7 6. a4 Bxb5 7. axb5 Nd7 8. Qe2
Ngf6 9. e5 dxe5 10. fxe5 Ng4 11. e6 Nde5 12. exf7+ Nxf7 13. Ng5 Nxg5 14. Qxg4
Nf7 15. O-O O-O 16. d3 Qd4+ 17. Qxd4 Bxd4+ 18. Kh1 Nd6 19. Re1 Bxc3 20. bxc3
Nxb5 21. Bg5 Nxc3 22. Bxe7 Rfc8 23. Re5 b6 24. h4 Re8 25. h5 Nd5 26. Rxd5 Rxe7
27. Rd6 Rae8 28. hxg6 hxg6 29. Rxg6+ Kf7 30. Rc6 Re1+ 31. Rxe1 Rxe1+ 32. Kh2 Re2
33. Rc7+ Ke6 34. c4 Rd2 35. Rxa7 Rxd3 36. Rh7 Rd4 37. Rh6+ Kf5 38. Rxb6 Rxc4 39.
Kh3 Rc1 40. Rc6 c4 41. Kg3 Ke4 42. Kh4 c3 43. g4 Rh1+ 44. Kg5 Kd3 45. Rd6+ Ke2
46. Re6+ Kd2 47. Rd6+ Kc1 48. Kg6 c2 49. g5 Rd1 50. Rc6 Kd2 51. Rxc2+ Kxc2 52.
Kf7 Rf1+ 53. Ke7 Rg1 54. Kf6 Kd3 55. g6 Ke4 56. g7 Kd5 57. Kf7 Kd6 58. g8=Q Rxg8
59. Kxg8 Ke5 1/2-1/2

[Event "World Rapid Women 2021"]
[Site "Warsaw POL"]
[Date "2021.12.27"]
[Round "5.10"]
[White "Pavlidou, Ekaterini"]
[Black "Gaponenko, Inna"]
[Result "1-0"]
[WhiteTitle "WIM"]
[BlackTitle "IM"]
[WhiteElo "2203"]
[BlackElo "2347"]
[WhiteFideId "4213262"]
[BlackFideId "14101181"]
[EventDate "2021.12.26"]

1. d4 g6 2. c4 Bg7 3. e4 Nc6 4. Be3 d6 5. Nc3 e5 6. d5 Nce7 7. Bd3 f5 8. exf5
Nxf5 9. Bxf5 Bxf5 10. g4 Bd7 11. h3 Nf6 12. Nge2 O-O 13. Ng3 c6 14. g5 Ne8 15.
h4 Nc7 16. Qe2 cxd5 17. cxd5 b5 18. a3 a5 19. Rd1 b4 20. Nce4 bxa3 21. bxa3 Nb5
22. a4 Nd4 23. Bxd4 exd4 24. h5 Re8 25. hxg6 hxg6 26. Kf1 Bxa4 27. Re1 Qd7 28.
Kg2 Re7 29. Qf3 Rf8 30. Nf6+ Bxf6 31. gxf6 Re5 32. Re4 Rxe4 33. Qxe4 Rxf6 34.
Qxd4 Qf7 35. Ne4 Kg7 36. Nxf6 Qxf6 37. Rh7+ Kxh7 38. Qxf6 1-0

[Event "World Rapid Women 2021"]
[Site "Warsaw POL"]
[Date "2021.12.27"]
[Round "5.11"]
[White "Serikbay, Assel"]
[Black "Berend, Elvira"]
[Result "1-0"]
[WhiteTitle "WIM"]
[BlackTitle "WGM"]
[WhiteElo "2263"]
[BlackElo "2329"]
[WhiteFideId "13706799"]
[BlackFideId "4000510"]
[EventDate "2021.12.26"]

1. d4 Nf6 2. c4 e6 3. Nf3 Bb4+ 4. Bd2 c5 5. Bxb4 cxb4 6. g3 O-O 7. Bg2 d6 8. O-O
a5 9. Nbd2 Qe7 10. a3 Na6 11. axb4 axb4 12. Qc2 e5 13. dxe5 dxe5 14. Ra5 Nd7 15.
Rfa1 Rb8 16. Nb3 Ndc5 17. Nxc5 Nxc5 18. Rb5 b3 19. Qc3 Bd7 20. Rba5 e4 21. Nd2
e3 22. Qxe3 Qxe3 23. fxe3 b6 24. R5a3 Be6 25. Nxb3 Nxb3 26. Rxb3 Bxc4 27. Rc3
Bxe2 28. Rc7 Rfd8 29. Raa7 Bh5 30. g4 Bg6 31. h4 Rd1+ 32. Kh2 Rd2 33. Kg3 h5 34.
Bf3 hxg4 35. Kxg4 Rc2 36. h5 Rxc7 37. Rxc7 Bd3 38. Bd5 Rf8 39. Kf4 Be2 40. Kg5
Bd3 41. e4 Kh8 42. e5 f6+ 43. exf6 gxf6+ 44. Kh6 Rd8 45. Rf7 b5 46. Rxf6 Bh7 47.
Bc6 b4 48. Re6 Bg8 49. Rf6 Rd2 50. Be4 Rxb2 51. Rf8 Rd2 52. Rb8 Rd6+ 53. Kg5 b3
54. h6 b2 55. h7 1-0